| 000 | 01043nam0a22002531 4500 | ||
|---|---|---|---|
| 001 | rc\658998 | ||
| 005 | 20260407143837.0 | ||
| 035 | _a(NLR Aleph) 005898406 | ||
| 090 |
_a6250872 _c6250872 |
||
| 100 | _a20031121d1986 |||y0rusy50 ca | ||
| 101 | 0 | _arus | |
| 102 | _aRU | ||
| 105 | _aa ||||||||| | ||
| 200 | 1 |
_aВопросы геокриологического картирования _e[Сб. ст.] _fАН СССР, Сиб. отд-ние, Ин-т мерзлотоведения _g[Редкол.: д. г. н. Н.А. Граве, к. г. н. М.М. Шац] |
|
| 210 |
_aЯкутск _cИмка-пресс _d1986 |
||
| 215 |
_a172 с. _cил. _d20 |
||
| 320 | _aБиблиогр. в конце ст. | ||
| 702 | 1 |
_aГраве _bН.А. _gНиколай Александрович _4340 |
|
| 712 | 0 | 2 |
_aИнститут мерзлотоведения им. П. И. Мельникова _cЯкутск _9531140 _3RU\NLR\AUTH\8810016641 |
| 801 | 0 |
_aRU _bNLR _gpsbo |
|
| 801 | 1 |
_aRU _bELAR _2rusmarc |
|
| 852 |
_aNLR _j87-3/11468 |
||
| 942 | _cBOOK | ||
| 980 | _aNB | ||